Biblioteca "Ernesto Sabato"
Facultad de Derecho y Ciencias Sociales
Facultad de Lenguas
Universidad Nacional del Comahue

Política de poder en América Latina (Record no. 34721)

MARC details
000 -CABECERA
campo de control de longitud fija 00516cam a22002052a 4500
001 - NÚMERO DE CONTROL
campo de control 003760
003 - IDENTIFICADOR DEL NÚMERO DE CONTROL
campo de control AR-FADEU
005 - FECHA Y HORA DE LA ÚLTIMA TRANSACCIÓN
campo de control 20220107101159.0
008 - DATOS DE LONGITUD FIJA--INFORMACIÓN GENERAL
campo de control de longitud fija 311216n1989####xxu####################dd
040 ## - FUENTE DE LA CATALOGACIÓN
Centro/agencia transcriptor Biblioteca Ernesto Sábato
092 ## - SIGNATURA TOPOGRÁFICA
Número de clasificación 321.8
Libristica P769
Sector BDGR
245 ## - MENCIÓN DE TÍTULO
Título Política de poder en América Latina
260 ## - PUBLICACIÓN, DISTRIBUCIÓN, ETC. (PIE DE IMPRENTA)
Lugar de publicación, distribución, etc. Buenos Aires
260 ## - PUBLICACIÓN, DISTRIBUCIÓN, ETC. (PIE DE IMPRENTA)
Nombre del editor, distribuidor, etc. Pleamar
260 ## - PUBLICACIÓN, DISTRIBUCIÓN, ETC. (PIE DE IMPRENTA)
Fecha de publicación, distribución, etc. 1974
300 ## - DESCRIPCIÓN FÍSICA
Paginas 173 p
650 ## - Descriptores Tematicos
Término de materia o nombre geográfico como elemento inicial AMÉRICA LATINA-POLÍTICA
650 ## - Descriptores Tematicos
Término de materia o nombre geográfico como elemento inicial AMÉRICA LATINA-PODER
942 ## - ELEMENTOS DE PUNTO DE ACCESO ADICIONAL (KOHA)
Tipo de ítem Koha BDGR
Fuente del sistema de clasificación o colocación Dewey Decimal Classification
Holdings
Estado de retiro Estado de pérdida Fuente del sistema de clasificación o colocación Estado dañado No para préstamo Localización permanente Ubicación/localización actual Fecha de adquisición Número de inventario Total de préstamos Signatura topográfica completa Código de barras Fecha visto por última vez Precio válido a partir de Tipo de ítem Koha
    Dewey Decimal Classification     Biblioteca Ernesto Sabato - FADECS - UNCOMA Biblioteca Ernesto Sabato - FADECS - UNCOMA 07/01/2022 25443   321.8 P769 25443 07/01/2022 07/01/2022 BDGR
Facultad de Derecho y Ciencias Sociales | Universidad Nacional del Comahue | Mendoza y Perú General Roca | Río Negro CP (8332) | Patagonia Argentina | Teléfono: 54-0298-4433670 | | Fax: 0298-4432093 | Fax alumnos: 0298-4435700